| 000 | 00862nam0a22002771 4500 | ||
|---|---|---|---|
| 001 | v19\rc\1828269 | ||
| 005 | 20251118180043.5 | ||
| 035 | _a(NLR Aleph) 004939808 | ||
| 090 |
_a5768954 _c5768954 |
||
| 100 | _a20071224d1908 u y0rusy50 ca | ||
| 101 | 0 | _arus | |
| 102 | _aRU | ||
| 105 | _ay z |||a| | ||
| 200 | 1 |
_aНесчастная _eПовесть _e(Из жизни 90 годов) _fА.М. Богдан-Сокольский |
|
| 210 |
_aКаменец-Подольск _c[скл. изд. у авт.] _d1908 |
||
| 215 |
_a[2], 62, [1] с. _d17 |
||
| 700 | 1 |
_aБогдан-Сокольский _bА.М. |
|
| 790 | 1 |
_aСокольский _bА.М. |
|
| 801 | 0 |
_aRU _bNLR _gpsbo |
|
| 801 | 0 |
_aRU _bRuMoRGB _2psbo |
|
| 801 | 1 |
_aRU _bProSoft-M _2rusmarc |
|
| 852 |
_aNLR _j34.48.8.306 |
||
| 899 |
_aRuMoRGB _jЭ 1028 |
||
| 899 | _aБАН | ||
| 942 | _cBOOK | ||
| 980 | _aNB | ||